Eurowizja 2026 - Tytuły piosenek - Statystyki

Ogólne statystyki
  • Ten quiz został rozwiązany 248 razy
  • Średni wynik to 25 z 35
Statystyki odpowiedzi
Lp. Państwo Artysta Tytuł % Poprawnych
27. Polska ALICJA Pray
97%
7. Bułgaria DARA Bangaranga
93%
17. Grecja Akylas Ferto
92%
24. Mołdawia Satoshi Viva, Moldova!
85%
9. Cypr Antigoni JALLA
84%
29. Rumunia Alexandra Căpitănescu Choke Me
82%
16. Niemcy Sarah Engels Fire
82%
6. Belgia ESSYLA Dancing on the Ice
81%
22. Luksemburg Eva Marija Mother Nature
81%
32. Szwecja FELICIA My System
80%
23. Malta AIDAN Bella
78%
30. San Marino SENHIT Superstar
78%
8. Chorwacja LELEK Andromeda
77%
18. Izrael Noam Bettan Michelle
77%
26. Norwegia JONAS LOVV YA YA YA
77%
1. Albania Alis Nân
76%
25. Czarnogóra Tamara Živković Nova Zora
74%
3. Australia Delta Goodrem Eclipse
73%
35. Wielka Brytania LOOK MUM NO COMPUTER Eins Zwei Drei
71%
15. Gruzja Bzikebi On Replay
71%
2. Armenia SIMÓN Paloma Rumba
70%
33. Szwajcaria Veronica Fusaro Alice
68%
12. Estonia Vanilla Ninja Too Epic To Be True
68%
10. Czechy Daniel Zizka CROSSROADS
67%
5. Azerbejdżan JIVA Just Go
67%
31. Serbia LAVINA Kraj Mene
66%
14. Francja Monroe Regarde!
66%
4. Austria COSMÓ Tanzschein
63%
28. Portugalia Bandidos do Cante Rosa
60%
34. Ukraina LELÉKA Ridnym
59%
21. Litwa Lion Ceccah Sólo Quiero Más
59%
20. Łotwa Atvara Ēnā
56%
19. Włochy Sal Da Vinci Per Sempre Sì
51%
11. Dania Søren Torpegaard Lund Før Vi Går Hjem
39%
13. Finladnia Linda Lampenius x Pete Parkkonen Liekinheitin
37%
Nie znaleziono quizów pasujących do podanych kryteriów
Rozkład punktacji
Procent ludzi z każdym wynikiem
Percentyl według liczby udzielonych odpowiedzi
Twoja historia wyników
Nie rozwiązałeś tego quizu